MARC details
| 000 -LEADER |
| campo de control de longitud fija |
03348cam a22006134a 4500 |
| 001 - NÚMERO DE CONTROL |
| campo de control |
86219 |
| 005 - FECHA Y HORA DE LA ÚLTIMA TRANSACCIÓN |
| campo de control |
20230404125950.0 |
| 008 - DATOS DE LONGITUD FIJA--INFORMACIÓN GENERAL |
| campo de control de longitud fija |
010821s20022001cauab b 001 0 eng |
| 010 ## - NÚMERO DE CONTROL DE LA BIBLIOTECA DEL CONGRESO |
| Número de control de LC |
2001048429 |
| 035 ## - NÚMERO DE CONTROL DEL SISTEMA |
| Número de control de sistema |
(OCoLC)ocm47849521 |
| 040 ## - FUENTE DE CATALOGACIÓN |
| Centro catalogador/agencia de origen |
DLC |
| Centro/agencia transcriptor |
DLC |
| Centro/agencia modificador |
NLC |
| -- |
UKM |
| -- |
BAKER |
| -- |
NLGGC |
| -- |
BTCTA |
| -- |
YDXCP |
| -- |
OCLCG |
| -- |
UBC |
| 015 ## - NÚMERO DE BIBLIOGRAFÍA NACIONAL |
| Número de bibliografía nacional |
GBA2-21770 |
| 016 ## - NÚMERO DE CONTROL DE UNA AGENCIA BIBLIOGRÁFICA NACIONAL |
| Número de control del registro |
20020023626 |
| 020 ## - NÚMERO INTERNACIONAL ESTÁNDAR DEL LIBRO |
| Número Internacional Estándar del Libro |
0804742480 (alk. paper) |
| 020 ## - NÚMERO INTERNACIONAL ESTÁNDAR DEL LIBRO |
| Número Internacional Estándar del Libro |
9780804742481 (alk. paper) |
| 029 1# - OTRO NÚMERO DE CONTROL DE SISTEMA (OCLC) |
| Identificador de la biblioteca OCLC |
NLC |
| Número de control de sistema |
20020023626 |
| 029 1# - OTRO NÚMERO DE CONTROL DE SISTEMA (OCLC) |
| Identificador de la biblioteca OCLC |
UKM |
| Número de control de sistema |
bA221770 |
| 029 1# - OTRO NÚMERO DE CONTROL DE SISTEMA (OCLC) |
| Identificador de la biblioteca OCLC |
NLGGC |
| Número de control de sistema |
227367995 |
| 035 ## - NÚMERO DE CONTROL DEL SISTEMA |
| Número de control de sistema |
(OCoLC)47849521 |
| 042 ## - CÓDIGO DE AUTENTICACIÓN |
| Código de autenticación |
pcc |
| 043 ## - CÓDIGO DE ÁREA GEOGRÁFICA |
| Código de área geográfica |
s-bl--- |
| 050 14 - SIGNATURA TOPOGRÁFICA DE LA BIBLIOTECA DEL CONGRESO |
| Número de clasificación |
103 F 2651 |
| Número de ítem |
K89r 2002 |
| 082 00 - NÚMERO DE LA CLASIFICACIÓN DECIMAL DEWEY |
| Número de clasificación |
306.2/7/098142 |
| 100 1# - ENTRADA PRINCIPAL--NOMBRE DE PERSONA |
| Nombre de persona |
Kraay, Hendrik, |
| Fechas asociadas al nombre |
1964- |
| 245 10 - MENCIÓN DEL TÍTULO |
| Título |
Race, state, and armed forces in independence-era Brazil : |
| Resto del título |
Bahia, 1790s-1840s / |
| Mención de responsabilidad, etc. |
Hendrik Kraay. |
| 260 ## - PUBLICACIÓN, DISTRIBUCIÓN, ETC. |
| Lugar de publicación, distribución, etc. |
Stanford, Calif. : |
| Nombre del editor, distribuidor, etc. |
Stanford University Press, |
| Fecha de publicación, distribución, etc. |
2002 c2001 |
| 300 ## - DESCRIPCIÓN FÍSICA |
| Extensión |
xii, 362 p. : |
| Otras características físicas |
ill., map ; |
| Dimensiones |
24 cm. |
| 500 ## - NOTA GENERAL |
| Nota general |
Original printing 2001 |
| 504 ## - NOTA DE BIBLIOGRAFÍA, ETC. |
| Nota de bibliografía, etc. |
Includes bibliographical references (p. 325-352) and index. |
| 505 0# - NOTA DE CONTENIDO CON FORMATO |
| Nota de contenido con formato |
Machine generated contents note: 1. Salvador: Race and Class in a Colonial Brazilian City -- 2. Army Officers: The Alliance of State and Planters -- 3. Slaves or Soldiers? The Recruitment and Discipline -- of Enlisted Men -- 4. Militia Officers: The Intersection of Race and Class -- 5. Independence and Its Aftermath -- 6. Officers: From Bahian to Brazilian -- 7. Reforming the Rank and File -- 8. From Militia to National Guard -- Conclusion -- Appendix: The Size and Organization of Salvador's Garrison. |
| 520 1# - RESUMEN, ETC. |
| Sumario, etc. |
"Focusing on the military institutions (army, militia, and National Guard) of Bahia, Brazil, this book analyses the region's transition from Portuguese colony to province of the Brazilian Empire. It examines the social, racial, and cultural dimensions of post-independence state-building in one of the principal slave plantation regions of the Americas."--BOOK JACKET. |
| 651 #0 - PUNTO DE ACCESO ADICIONAL DE MATERIA--NOMBRE GEOGRÁFICO |
| Nombre geográfico |
Salvador (Brazil) |
| Subdivisión general |
History |
| Subdivisión cronológica |
19th century. |
| 651 #0 - PUNTO DE ACCESO ADICIONAL DE MATERIA--NOMBRE GEOGRÁFICO |
| Nombre geográfico |
Salvador (Brazil) |
| Subdivisión general |
Race relations. |
| 651 #0 - PUNTO DE ACCESO ADICIONAL DE MATERIA--NOMBRE GEOGRÁFICO |
| Nombre geográfico |
Bahia (Brazil : State) |
| Subdivisión general |
Militia |
| -- |
Recruiting, enlistment, etc. |
| 650 #0 - PUNTO DE ACCESO ADICIONAL DE MATERIA--TÉRMINO DE MATERIA |
| Término de materia o nombre geográfico como elemento de entrada |
Blacks |
| Subdivisión geográfica |
Brazil |
| -- |
Bahia (State) |
| Subdivisión general |
History |
| Subdivisión cronológica |
19th century. |
| 650 #0 - PUNTO DE ACCESO ADICIONAL DE MATERIA--TÉRMINO DE MATERIA |
| Término de materia o nombre geográfico como elemento de entrada |
Social classes |
| Subdivisión geográfica |
Bahia (State) |
| Subdivisión general |
History |
| Subdivisión cronológica |
19th century. |
| 650 #0 - PUNTO DE ACCESO ADICIONAL DE MATERIA--TÉRMINO DE MATERIA |
| Término de materia o nombre geográfico como elemento de entrada |
Civil-military relations |
| Subdivisión geográfica |
Brazil |
| -- |
Salvador. |
| 653 ## - TÉRMINO DE INDIZACIÓN--NO CONTROLADO |
| Término no controlado |
Occupations and race. |
| 651 #4 - PUNTO DE ACCESO ADICIONAL DE MATERIA--NOMBRE GEOGRÁFICO |
| Nombre geográfico |
Salvador (Brazil) |
| Subdivisión general |
Historia |
| Subdivisión cronológica |
Siglo XIX |
| 651 #4 - PUNTO DE ACCESO ADICIONAL DE MATERIA--NOMBRE GEOGRÁFICO |
| Nombre geográfico |
Salvador (Brazil) |
| Subdivisión general |
Relaciones raciales |
| 651 #4 - PUNTO DE ACCESO ADICIONAL DE MATERIA--NOMBRE GEOGRÁFICO |
| Nombre geográfico |
Bahia (Brazil) (State) |
| Subdivisión general |
Milicia |
| -- |
Reclutamiento, enlistamiento, etc. |
| 650 #0 - PUNTO DE ACCESO ADICIONAL DE MATERIA--TÉRMINO DE MATERIA |
| Término de materia o nombre geográfico como elemento de entrada |
Negros |
| Subdivisión geográfica |
Brazil |
| -- |
Bahia (Estado) |
| Subdivisión general |
Historia |
| Subdivisión cronológica |
Siglo XIX |
| 650 #0 - PUNTO DE ACCESO ADICIONAL DE MATERIA--TÉRMINO DE MATERIA |
| Término de materia o nombre geográfico como elemento de entrada |
Clases sociales |
| Subdivisión geográfica |
Bahia (Estado) |
| Subdivisión general |
Historia |
| Subdivisión cronológica |
Siglo XIX |
| 650 #0 - PUNTO DE ACCESO ADICIONAL DE MATERIA--TÉRMINO DE MATERIA |
| Término de materia o nombre geográfico como elemento de entrada |
Relaciones Civil-militar |
| Subdivisión geográfica |
Brazil |
| -- |
Salvador. |
| 856 41 - LOCALIZACIÓN Y ACCESO ELECTRÓNICOS |
| Materiales especificados |
Table of contents |
| Identificador Uniforme de Recursos |
<a href="http://www.loc.gov/catdir/toc/fy022/2001048429.html">http://www.loc.gov/catdir/toc/fy022/2001048429.html</a> |
| 856 42 - LOCALIZACIÓN Y ACCESO ELECTRÓNICOS |
| Materiales especificados |
Publisher description |
| Identificador Uniforme de Recursos |
<a href="http://www.loc.gov/catdir/description/cam022/2001048429.html">http://www.loc.gov/catdir/description/cam022/2001048429.html</a> |
| 856 42 - LOCALIZACIÓN Y ACCESO ELECTRÓNICOS |
| Materiales especificados |
Contributor biographical information |
| Identificador Uniforme de Recursos |
<a href="http://www.loc.gov/catdir/enhancements/fy0710/2001048429-b.html">http://www.loc.gov/catdir/enhancements/fy0710/2001048429-b.html</a> |
| 938 ## - |
| -- |
Baker & Taylor |
| -- |
BKTY |
| -- |
70.00 |
| -- |
70.00 |
| -- |
0804742480 |
| -- |
0003775855 |
| -- |
active |
| 938 ## - |
| -- |
Baker and Taylor |
| -- |
BTCP |
| -- |
2001048429 |
| 938 ## - |
| -- |
YBP Library Services |
| -- |
YANK |
| -- |
1788492 |
| 942 ## - ELEMENTOS DE ENTRADA SECUNDARIOS (KOHA) |
| Fuente del sistema de clasificación o colocación |
Clasificación de Library of Congress |
| Tipo de ítem Koha |
|
| 994 ## - |
| -- |
C0 |
| -- |
DRFGD |
| 946 ## - PROCESAMIENTO DE INFORMACIÓN LOCAL (OCLC) |
| a |
web |